Words in Tom Hanks Movie Titles Quiz Stats

Quiz Updated Nov 2, 2012

Challenge
Share
Tweet
Embed
Score 0/40 Timer 04:00
0 Plays Today
% Correct
Saving
93.5%
Seattle
92.9%
Green
92.4%
Mile
92.4%
Private
92.2%
Toy
90.5%
Big
89.9%
Mail
88.3%
League
87.8%
Perdition
86.6%
Road
84.5%
&
83%
Catch
82.7%
Cast
81%
Turner
80.2%
Angels
76.1%
Express
75.7%
Money
75.1%
Charlie
73.5%
Own
73.1%
% Correct
Versus
72.9%
13
68.5%
Larry
67.9%
Loud
67.3%
Thing
67.1%
Man
67.1%
Pit
65.8%
Close
63.8%
Party
58.1%
One
57.4%
Bonfire
56.7%
Nothing
56.7%
Da
53.6%
Red
52.3%
Goodbye
52%
Common
51.7%
Cars
39.5%
Building
34.4%
Buck
33.5%
Elvis
19.5%

You're not logged in!

Compare scores with friends on all Sporcle quizzes.
Sign Up with Email
OR
Log In

You Might Also Like...

Show Comments

Extras

Top Quizzes Today


Score Distribution

Your Account Isn't Verified!

In order to create a playlist on Sporcle, you need to verify the email address you used during registration. Go to your Sporcle Settings to finish the process.

Report this User

Report this user for behavior that violates our Community Guidelines.

Details: